000 00427nam a2200157Ia 4500
003 GCL
008 140319s9999 xx 000 0 ara d
040 _aGCL /
_cGCL
082 0 4 _a416
_bم م
100 1 _aمدحت الجيار
245 1 0 _aموسيقى الشعر العربى: قضايا ومشكلات /
_cمدحت الجيار
300 _a357 ص
490 _a
650 0 4 _aالشعر العربى
942 _2ddc
_cBK
999 _c37903
_d37903